Marvel Characters by Classic Look - Statistics

General Stats
  • This quiz has been taken 69 times
  • The average score is 35 of 40
Answer Stats
Picture Answer % Correct
Hulk
100%
Thor
100%
Dr. Strange
98%
Spider-Man
98%
Captain America
97%
She-Hulk
97%
Venom
97%
Iron Man
95%
Thanos
95%
Beast
94%
Daredevil
94%
Scarlet Witch
94%
Silver Surfer
94%
Vision
94%
Wolverine
94%
Cyclops
92%
Magneto
92%
Mr. Fantastic
92%
Thing
92%
Human Torch
89%
Kingpin
89%
Storm
89%
Nightcrawler
87%
Sandman
87%
Vulture
87%
Colossus
85%
Ultron
85%
Angel
84%
Invisible Woman
84%
Black Bolt
81%
Electro
81%
Black Cat
77%
Iceman
77%
Phoenix
76%
Spider-Woman
76%
Namor the Sub-Mariner
74%
Shang-Chi
74%
Scorpion
71%
Mandarin
66%
Medusa
63%
No matching quizzes found
Score Distribution
Percent of People with Each Score
Percentile by Number Answered
Your Score History
You have not taken this quiz